00530cam a22002051 4500001001300000003000400013005001700017008004100034010001700075035002000092040003700112042001200149050002100161082001100182100002800193245003400221260003500255300001900290999001500309af 48001599 DLC20260227110850.0890405s1942 gw 000 1 ger c aaf 48001599  a(OCoLC)19500364 aCalifornia. Univ. Libr.cCUdDLC apremarc00aPT2613.R5213bS4 a833.911 aGrimm, Heinrich,d1893-14aDer schwarze Jäger,bRoman. aMünchen,bF.C. Mayer,c1942. a127 p.c20 cm. c4612d4612